000 01288cam a22003497a 4500
003 CHAP
005 20220329133338.0
008 971013s1991 r 00010 d
010 _a5217
011 _a6189
035 _a5409
040 _cCHAP
082 _a338.19
_bS47
110 _aServicio Internacional para la Investigación Agrícola Nacional
_9105308
245 0 _aTowards a new agricultural revolution
_b: research, technology transfer, and application for food security in Africa
260 _aThe Hague :
_bThe Service,
_c1991
300 _a67 p.
_b: ilus. ; gráfs.
590 _aBATCH-UPD
_b10
_c20130110
_lUCH01
_h0010
590 _aBATCH-UPD
_b10
_c20130110
_lUCH01
_h1445
590 _aBATCH-UPD
_b10
_c20130409
_lUCH01
_h1947
590 _aBATCH-UPD
_b10
_c20130410
_lUCH01
_h0915
590 _aBATCH-UPD
_b10
_c20130914
_lUCH01
_h0118
590 _aBATCH-UPD
_b10
_c20130914
_lUCH01
_h1930
590 _aCONVERSION
_b10
_c20130109
_lUCH01
_h1304
650 1 4 _aAgricultura
_xInnovaciones tecnológicas.
_91565
650 1 4 _aAgricultura
_xInvestigacion
_xAfrica.
_91578
650 1 4 _aAlimentos
_xInvestigación.
_94240
650 1 4 _aPolítica alimentaria
_xAfrica.
_990390
901 _aBK
942 _cLIBRO
949 _a338.19 S47
_bBC
_cLIBRO
_d33724000605903
_eLIBRO
_h81360
_i5409
_si
999 _c5217
_d5217